000 00476 a2200169 4500
001 184548
020 _a85-08-05845-4
040 _cMagnum
100 _aPress, Hans Jurgen
240 1 0 _aA turma da mão preta em: a casa misteriosa e o túnel do traficante
_lpor
245 1 0 _aA turma da mão preta em: a casa misteriosa e o túnel do traficante
300 _a69
362 0 _a1996
440 1 _aÁtica
697 _aLITERATURA INFANTO-JUVENIL ESTRANGEIRA
942 _cBK
999 _c184548
_d184548